000 00466nam a2200157Ia 4500
003 GCL
008 140319s9999 xx 000 0 eng d
040 _aGCL /
_cGCL
082 0 4 _a750.72
_bD B
100 1 _aDYER, COLIN
245 1 0 _aBEGINING RESEARCH IN PSYCHOLOGY: A PRACTICAL GUIDE TO RESEARCH METHODS AND STATISTICS /
_cDYER, COLIN
260 _a[S.N] :
_bBLACK WELL PUBLISHERS ،
_c1955
300 _a482 P
650 0 4 _aPSYCHOLOGY RESEARCH
942 _2ddc
_cBK
999 _c13226
_d13226